000 00424nam a2200145 i 4500
001 29567
003 ES-MaACL
007 t|
008 030122s1978 sp ||||1| spa d
100 1 _aBarreda García, Armando A.
_925882
245 1 0 _aMedicina legal
_b: temas procesales /
_cpor Armando A. Barreda García.
260 _aMadrid :
_bMontecorvo,
_c1978.
300 _a340 p. ;
_c24 cm.
852 _aES-MaACL
_jL-93
_bR.100494
999 _c29567
_d29567